O pasáčkovi a zámku na zlatých řetězech : pohádky pro kluky /

Hlavní autor: Vladislav, Jan, 1923-2009
Další autoři: Stankovianska, Jana, 1980-
Jazyk: Čeština
Vydáno: V Praze : Albatros, 2011
Vydání: 1. vyd. v Albatrosu
Témata:
Fyzický popis: 155 s. : barev. il. ; 27 cm
Knihy
Uloženo v:
LEADER 01335nam a2200385 a 4500
001 nkc20112199952
003 CZ PrNK
005 20110810145639.0
007 ta
008 110719s2011 xr a b 000 f cze
015 |a cnb002199952 
020 |a 978-80-00-02662-6  |q (váz.) 
035 |a (OCoLC)746837906 
040 |a ABA001  |b cze  |d BOA001 
072 7 |a 821-93  |x Literatura pro děti a mládež (beletrie)  |2 Konspekt  |9 26 
080 |a 821-93  |2 MRF 
080 |a 821-34  |2 MRF 
080 |a (0:82-34)  |2 MRF 
100 1 |a Vladislav, Jan,  |d 1923-2009  |7 jk01150006  |4 aut 
245 1 0 |a O pasáčkovi a zámku na zlatých řetězech :  |b pohádky pro kluky /  |c Jan Vladislav ; ilustrovala Jana Stankovianska 
250 |a 1. vyd. v Albatrosu 
260 |a V Praze :  |b Albatros,  |c 2011 
300 |a 155 s. :  |b barev. il. ;  |c 27 cm 
521 8 |a Pro čtenáře od 6 let 
655 7 |a pohádky  |7 fd133054  |2 czenas 
655 7 |a publikace pro děti  |7 fd133156  |2 czenas 
655 9 |a fairy tales  |2 eczenas 
655 9 |a children's literature  |2 eczenas 
700 1 |a Stankovianska, Jana,  |d 1980-  |7 xx0062234  |4 ill 
910 2 |a BOA001  |b 3-1270.177 
928 9 |a Albatros Media - Albatros 
990 |a BK 
995 |a 01 
991 |b 201107  |e db 
996 6 |b 2610483884  |c 3-1270.177  |l MZK  |r Sklad / do 1 hodiny  |n 0  |p p.v.  |w 001191379  |u 000010  |a 1  |e BOA001  |j MZK50  |s P